00853nam a2200241 a 450000100060000000300080000600500170001400800410003103500190007204000320009104100080012308200250013110000280015624501130018426000600029730000210035749000440037850400270042265000370044965000400048665000460052683000390057260054BD-RjUL20211209080811.0161228r1966 enk b 000 0 eng c a(BD-RjUL)60178 aDLC/ICUcCGUdUKMdEQObeng aeng a509.42223bAST 19661 aAshby, Eric,d1904-199210aTechnology and the academics :ban essay on universities and the scientific revolution /cby Sir Eric Ashby. aLondon ;aNew York :bMacmillan,c1958 [Reprinted 1966] a117 p. ;c21 cm.1 aBallard-Mathews [sic] lectures ;v1958. aIncludes bibliography. 0aSciencexHistory.zGreat Britain 0aTechnologyzGreat BritainxHistory. 0aUniversities and collegeszGreat Britain. 0aBallard-Matthews lectures ;v1958.